00302pab a2200121 454500008004000000100002000040245003600060260000900096300001300105362001000118650001800128773003400146180718b2009 xxu||||| |||| 00| 0 eng d aMenon, Nivedita aThinking through the postnation c2009 ap.70-77. a7 Mar aGlobalization aEconomic and Political Weekly